<?xml version="1.0" encoding="UTF-8"?>
<collection xmlns:xsi="http://www.w3.org/2001/XMLSchema-instance" xsi:schemaLocation="http://www.loc.gov/MARC21/slim http://www.loc.gov/standards/marcxml/schema/MARC21slim.xsd" xmlns="http://www.loc.gov/MARC21/slim">
 <record>
  <leader>00000ctm a22000004i 4500</leader>
  <controlfield tag="001">UP-99796217613140572</controlfield>
  <controlfield tag="003">Buklod</controlfield>
  <controlfield tag="005">20191014152530.0</controlfield>
  <controlfield tag="006">t     rm   |||| ud</controlfield>
  <controlfield tag="007">ta</controlfield>
  <controlfield tag="008">191014s2019    xx     d     r    |||| u|</controlfield>
  <datafield tag="035" ind1=" " ind2=" ">
   <subfield code="a">(iLib)UPD-00414266132</subfield>
  </datafield>
  <datafield tag="040" ind1=" " ind2=" ">
   <subfield code="a">DCFA</subfield>
   <subfield code="e">rda</subfield>
  </datafield>
  <datafield tag="041" ind1=" " ind2=" ">
   <subfield code="a">eng</subfield>
  </datafield>
  <datafield tag="042" ind1=" " ind2=" ">
   <subfield code="a">DMLUC</subfield>
  </datafield>
  <datafield tag="090" ind1=" " ind2=" ">
   <subfield code="a">LG 993.5 2019 F4</subfield>
   <subfield code="b">S55</subfield>
  </datafield>
  <datafield tag="100" ind1="1" ind2=" ">
   <subfield code="a">Shivers, Ysabelle Therese S.</subfield>
   <subfield code="e">author.</subfield>
  </datafield>
  <datafield tag="245" ind1="1" ind2="0">
   <subfield code="a">Tusok tusok</subfield>
   <subfield code="b">discussing and visualizing the intersection of Filipino food and class issues through an independent publication</subfield>
   <subfield code="c">Ysabelle Therese S. Shivers ; Marc San Valentin, adviser.</subfield>
  </datafield>
  <datafield tag="264" ind1=" " ind2="0">
   <subfield code="a">Quezon City</subfield>
   <subfield code="b">College of Fine Arts, University of the Philippines</subfield>
   <subfield code="c">2019.</subfield>
  </datafield>
  <datafield tag="300" ind1=" " ind2=" ">
   <subfield code="a">iii, 419 leaves</subfield>
   <subfield code="b">illustrations</subfield>
   <subfield code="c">28 cm</subfield>
  </datafield>
  <datafield tag="336" ind1=" " ind2=" ">
   <subfield code="a">text</subfield>
   <subfield code="2">rdacontent</subfield>
  </datafield>
  <datafield tag="337" ind1=" " ind2=" ">
   <subfield code="a">unmediated</subfield>
   <subfield code="2">rdamedia</subfield>
  </datafield>
  <datafield tag="338" ind1=" " ind2=" ">
   <subfield code="a">volume</subfield>
   <subfield code="2">rdacarrier</subfield>
  </datafield>
  <datafield tag="502" ind1=" " ind2=" ">
   <subfield code="a">Thesis (Bachelor of Fine Arts in Visual Communication)--University of the Philippines Diliman</subfield>
   <subfield code="c">May 2019.</subfield>
  </datafield>
  <datafield tag="504" ind1=" " ind2=" ">
   <subfield code="a">Bibliography : leaves 412-424.</subfield>
  </datafield>
  <datafield tag="506" ind1=" " ind2=" ">
   <subfield code="a">I-has patentable or registrable invention or creation</subfield>
  </datafield>
  <datafield tag="506" ind1=" " ind2=" ">
   <subfield code="a">C-confidential information of a third party is embedded</subfield>
  </datafield>
  <datafield tag="520" ind1="3" ind2=" ">
   <subfield code="a">This study aims to examine the phenomenon of Filipino street food being repackaged and recontextualised into more refined and formal eating spaces (such as restaurants and hotels), and what effects this has on the meaning or social role of the food itself, if any. I employed to tiers of data gathering, the first being a structured visual analysis of street food dishes and their environmental context, limited to establishments in the Diliman area. The second involved me asking questions and having conversations with vendors, street food regulars, and key informants involved in the food industry. Through the data and insight gathered, I was able to make the following assertions. Social context, i.e., street food culture's intimate relationship with the diner and it being a natural reaction to the demand for accessible, affordable, and filling food, is something that cannot be divorced from the object (the food) itself. The street food itself as an object, and the &quot;experience&quot; of street food are anchored to this -- therefore one cannot simply make something appear as street food or make it more sophisticated out of its original context without it losing this social meaning. Additionally, I was able to deduct, from my conversations with vendors and diners, that there is a need to fortify the industry and the culture to ensure its endurance. My research further argues that this act of appropriation is not because the elite are becoming more sympathetic and willing to engage in &quot;lower&quot; culture or cuisine -- instead, through their enjoyment of the aesthetics of street food, it merely becomes novelty. Repackaging street food for a venue completely removed from its social context, this research finds, is unconcerned with addressing issues of the threat of commercialization and inflation on the vendors, the already mostly unregulated street food industry, and consequently, the working class Filipino. Any push to properly regulate this industry by the government must address these issues, and offer more security and stability to the livelihood of the vendors; it must not be for the sole purpose of impressing tourists. En masse, my research hopes to be able to echo a larger issue at hand by examining a microcosm that is the appropriation of street food: the ongoing efforts to sanitize or even erase the cultures and livelihoods of the underprivileged through aggressive gentrification, all in the name of entertaining more middle-class (and above, of course) tastes, sensibilities, and lifestyle. In response to these issues, I have conceptualized Tusok Tusok: an independent, non-commercial publication that discusses the intersections between Filipino food, class, and space. It acts as a gateway to Filipino food literature and as a preface to the various issues concerning food systems and consumption. The main interest of this publication is to get those in the target audience who are not informed or previously invested in these relevant issues (i.e., commercialization, privatization of public spaces, class appropriation, etc.) interested in thinking of their food beyond simply an object of consumption or indulgence. Rather, the publication (and the entire campaign, to an extent) will act in aid of presenting food as a material and cultural deposit, making it a fertile subject for further academic and cultural studies, especially through the lens of Filipino cuisine and dining traditions. Additionally, beyond simply thinking about food in these more thorough ways, long-term behavioral change is encouraged (and is ultimately the most aspirational goal in mind for the publication) -- entailing that the audience puts this knowledge into practical action by being more discerning and critical of their regular food consumption.</subfield>
  </datafield>
  <datafield tag="650" ind1=" " ind2="0">
   <subfield code="a">Street food</subfield>
   <subfield code="z">Philippines.</subfield>
  </datafield>
  <datafield tag="650" ind1=" " ind2="0">
   <subfield code="a">Street food vendors</subfield>
   <subfield code="z">Philippines.</subfield>
  </datafield>
  <datafield tag="650" ind1=" " ind2="0">
   <subfield code="a">Food habits</subfield>
   <subfield code="z">Philippines.</subfield>
  </datafield>
  <datafield tag="658" ind1=" " ind2=" ">
   <subfield code="a">Thesis</subfield>
   <subfield code="c">VC 200 Visual Communication.</subfield>
  </datafield>
  <datafield tag="700" ind1="1" ind2=" ">
   <subfield code="a">San Valentin, Marc</subfield>
   <subfield code="e">adviser.</subfield>
  </datafield>
  <datafield tag="905" ind1=" " ind2=" ">
   <subfield code="a">FI</subfield>
  </datafield>
  <datafield tag="905" ind1=" " ind2=" ">
   <subfield code="a">UP</subfield>
  </datafield>
  <datafield tag="852" ind1="0" ind2=" ">
   <subfield code="a">UPD</subfield>
   <subfield code="b">DCFA</subfield>
   <subfield code="h">LG 993.5 2019 F4</subfield>
   <subfield code="i">S55</subfield>
  </datafield>
  <datafield tag="942" ind1=" " ind2=" ">
   <subfield code="a">Thesis</subfield>
  </datafield>
 </record>
</collection>
